Ο πύργος
Αποθηκεύτηκε σε:
| Κύριος συγγραφέας: | |
|---|---|
| Άλλοι συγγραφείς: | |
| Μορφή: | Βιβλίο |
| Γλώσσα: | Greek |
| Δημοσίευση: |
Αθήνα :
Ελευθεροτυπία,
2006.
|
| Θέματα: | |
| Ετικέτες: |
Προσθήκη ετικέτας
Δεν υπάρχουν, Καταχωρήστε ετικέτα πρώτοι!
|
MARC
| LEADER | 00000cam a2200000 i 4500 | ||
|---|---|---|---|
| 001 | 1/60373 | ||
| 008 | 141126s2006 gr |||||||||| ||gre|| | ||
| 020 | |a 9608359236 |q (χαρτόδετο) | ||
| 035 | |l 10119861 | ||
| 040 | |a GR-MyUa |b gre |e AACR2 | ||
| 041 | 0 | |a gre | |
| 082 | 7 | |a 833.912 |2 (22) | |
| 100 | 1 | |a Kafka, Franz, |d 1883-1924, |e aut | |
| 245 | 1 | 2 | |a Ο πύργος / |c Φραντς Κάφκα ; μετάφραση Κώστας Προκοπίου. |
| 260 | |a Αθήνα : |b Ελευθεροτυπία, |c 2006. | ||
| 300 | |a 318 σ. ; |c 20 εκ. | ||
| 500 | |a Τίτλος πρωτοτύπου : Das Schloss. | ||
| 650 | 0 | |a German fiction |y 20th century. | |
| 700 | 1 | |a Προκοπίου, Κώστας, |e trl | |
| 852 | |a INST |b LEMNOS |e 20141126 |h 833.912 KAF |p 005600001617 |q 005600001617 |t BK |y 0 | ||
| 852 | |a INST |b SAMOS |e 20161104 |h 833 KAF |p 005300043860 |q 005300043860 |t BK |y 0 | ||
| 901 | |a BIBL6-2014-3 | ||
| 970 | |a ΜΟΣΧΟΒΗ |b ΕΥΑΓΓΕΛΙΑ |z 2014/11/26 | ||